Ludność i urbanizacja w Polsce - Statystyki

Ogólne statystyki
  • Ten quiz został rozwiązany 10 razy
  • Średni wynik to 7 z 60
Statystyki odpowiedzi
Hint Odpowiedź % Poprawnych
Średni wiek zostania matką w 2019 28
56%
Współczynnik feminizacji w Polsce 107
50%
Średni wiek zostania matką w 1990 23
44%
Miasto o największym wzroście wskaźnika gęstości zaludnienia Warszawa
38%
Średnia gęstość zaludnienia w Polsce w 2019 na km2 123
33%
Kulminacja drugiego wyżu demograficznego - rok 1983
33%
Średnia długość życia kobiet w 2019 82
33%
Województwo z największym udziałem emigrantów opolskie
33%
Najbardziej zaludniona dzielnica Krakowa Nowa Huta
29%
Tyle % PKB było w 2019 roku wydawane na politykę prorodzinną 4
22%
Skąd głównie przyjeżdzają repatrianci do Polski Kazachstan
22%
Które miejsce zajmowała w 1933 Gdynia pod względem przeładunku pośród portów na świecie? 9
14%
Województwo z najniższym współczynnikiem przyrostu rzeczywistego świętokrzyskie
14%
Ludność województwa opolskiego w 2019 0,99 mln
13%
Gęstość zaludnienia w Krynicy Morskiej na km2 11
13%
średnia wartość współczynnika feminizacji w miastach w Polsce 111
13%
Rok Akcji Wisła 1947
13%
Gęstość zaludnienia powiatu bieszczadzkiego na km2 4
13%
2013 mediana wieku w UE 43,7
13%
Ludność województwa śląskiego w 2019 4,5 mln
13%
Ile jest miast na prawach powiatu 66
13%
Największy bałtycki port pod względem przeładunku w 1933 Gdynia
13%
Z którego województwa wyjeżdza NAJWIĘCEJ ludzi śląskie
13%
W latach 1944-1949 z ZSRR do Polski przyjechało tyle polaków: 1,5 mln
11%
Rekordowy rok pod kątem narodzin w Polsce 1955
11%
Ludność województwa lubuskiego w 2019 1 mln
11%
W tym roku pierwszy raz liczba urodzeń była mniejsza od liczby zgonów po wojnie 2002
11%
ludność Polski w 1946 w milionach 24
11%
Ile jest gmin 2477
11%
Tyle osób opuściło polskie ziemie między 1871 a 1913 3,5 mln
11%
ile jest powiatów w Polsce 380
11%
Współczynnik feminizacji w Polsce dla osób powyżej 100 lat 400
11%
Najszybsze tempo zmian demograficznych w Polsce było w latach: 50
11%
Podział w latach 1975-1998 dwustopniowy
11%
Najmniej gęsto zaludnione miasto w Polsce Krynica Morska
11%
Najgęściej zaludnione miasto w Polsce Legionowo
11%
Skąd pochodzi większość Polonii w USA małopolska
11%
Województwo o największej dzietności w Polsce pomorskie
11%
Inna nazwa na miasto na prawach powiatu powiat grodzki
11%
Podział w latach 1946-1950 trójstopniowy
11%
Podział w latach 1950-1975 trójstopniowy
11%
Podział w latach 1999-obecnie trójstopniowy
11%
Średnia gęstość zaludnienia w miastach Polski w 2019 na km2 1040
0%
Wartość dzietności w świętokrzyskiem 1,23
0%
Ile jest gmin wiejskich 1523
0%
Wartość dzietności w pomorskim 1,6
0%
Ile polaków jest w Brazylii 1.8 mln
0%
Ile jest gmin miejskich 302
0%
O ile spadł wskaźnik gęstości zaludnienia w Świętochłowicach na km/2 34
0%
Gęstość zaludnienia w Legionowie na km2 3980
0%
2013 mediana wieku w Polsce 41,3
0%
Średnia gęstość zaludnienia na wsiach Polski w 2019 na km2 53
0%
Ludność województwa mazowieckiego w 2019 5,4 mln
0%
Tyle polaków przebywało w czasie II Wojny Światowej poza Polską 5 mln
0%
Ile jest gmin miejsko-wiejskich 652
0%
Ile dzieci urodziło się w kulminacji drugiego wyżu demograficznego - w tys 724
0%
W Polsce w 2019 wydano tyle pozwoleń na pobyt dla ludzi spoza UE 724 tys.
0%
Średnia długość życia mężczyzn w 2019 74
0%
Ile urodziło się dzieci w Polsce w rekordowym roku - w tys 794
0%
Z czego wynika niska gęstość zaludnienia z województwa podkarpackiego i lubelskiego Akcja Wisła
0%
Co się dzieli na gminy powiat ziemski
0%
Miasto o największym spadku wskaźnika gęstości zaludnienia Świętochłowice
0%
Województwo o najniższej dzietności w Polsce świętokrzyskie
0%
Nie znaleziono quizów pasujących do podanych kryteriów
Rozkład punktacji
Procent ludzi z każdym wynikiem
Percentyl według liczby udzielonych odpowiedzi
Twoja historia wyników
Nie rozwiązałeś tego quizu